Title in the Lyrics (Eurovision Runners Up) - Statistics

General Stats
  • This quiz has been taken 10 times
  • The average score is 9 of 20
Answer Stats
Lyric Title % Correct
Ah yeah ah yeah ah yeah, yeah ah yeah ah yeah _____ Fuego
70%
Now my heart awakes to the _____ __ _______ Sound of Silence
70%
__ ___ __ byłam Ewą To Nie Ja
70%
I'll be your _____ in your darkest night Angel
60%
Pensavi solo ai _____, _____ Soldi
60%
"________ _____; flight's on time" Terminal Three
60%
Qui je suis, me _____, même si mise à nu, c'est fini Voilà
60%
So we stay in this mess, this _________ ____ tonight Beautiful Mess
50%
__ before you break my heart once more Go
50%
______ ___ _____ ___ ____ than the devil you don't Better the devil you know
40%
___ ____ hier, die den Regenbogen auch im Dunkeln sehn Für alle
40%
____ __, just unfold me Hold Me
40%
There ain't nothing new, here in the ____ _____ ___ _____ Calm After the Storm
30%
____ ____, ovih dana Lane Moje
30%
Where are we? ____ ______ Rock Bottom
30%
_____ ____ - I'm gonna strike like thunder Shady Lady
30%
_______, das Tor zur Phantasie Theater
30%
___ ___ ____ you won't be sorry? Are You Sure
10%
Ça rit de toute sa symphonie, _______, __ ____ _______ __ ___ L'amour, ça fait chanter la vie
10%
____ ______ ______, sing your song Sing Little Birdie
10%
No matching quizzes found
Score Distribution
Percent of People with Each Score
Percentile by Number Answered
Your Score History
You have not taken this quiz